Matematika a jej miesto v ekonómii
Genéza matematického myslenia od vzniku čísla až po matematiku vedeckého poznania. Popis procesu prenikania matematiky do ekonómie a tvorbe matematických modelov ekonomických procesov. Analýza miesta matematiky v systéme štúdia ekonómie.
Na minha lista:
| Autor principal: | |
|---|---|
| Outros Autores: | , |
| Formato: | Capítulo de Livro |
| Idioma: | eslovaco |
| Assuntos: | |
| Tags: |
Sem tags, seja o primeiro a adicionar uma tag!
|
MARC
| LEADER | 00000naa$a2200000$$$4500 | ||
|---|---|---|---|
| 001 | 0004364 | ||
| 005 | 20231005082641.7 | ||
| 041 | 0 | |a slo | |
| 044 | |a SK | ||
| 245 | 1 | 0 | |a Matematika a jej miesto v ekonómii |c František Peller, Elena Mojžišová, Katarína Sakálová |
| 520 | |a Genéza matematického myslenia od vzniku čísla až po matematiku vedeckého poznania. Popis procesu prenikania matematiky do ekonómie a tvorbe matematických modelov ekonomických procesov. Analýza miesta matematiky v systéme štúdia ekonómie. | ||
| 610 | 2 | 0 | |a matematika |
| 610 | 2 | 0 | |a modely matematické |
| 610 | 2 | 0 | |a modely matematicko-logické |
| 610 | 2 | 0 | |a modely matematicko-štatistické |
| 610 | 2 | 0 | |a ekonómia |
| 100 | 1 | |a Peller, František | |
| 700 | 1 | |a Mojžišová, Elena | |
| 700 | 1 | |a Sakálová, Katarína, 1955- | |